Maritime technology in the ancient economy : ship-design and navigation /

محفوظ في:

مؤلفون آخرون: Harris, William V., Iara, K., Arnaud, Pascal, 1958-

التنسيق: كتاب

اللغة: English
French
Italian

منشور في: Portsmouth, R.I. : Journal of Roman Archaeology, 2011.

سلاسل: Journal of Roman archaeology. Supplementary series, 84.
JRASS ; 84.

الموضوعات:

الوسوم: إضافة وسم

لا توجد وسوم, كن أول من يضع وسما على هذه التسجيلة!

رقم الطلب: DG11 .J62 no.84

LEADER 01404namaa2200373 4500
001 22218
003 OSt
005 20260111114755.0
008 130303s2011 riuab b 001 0 eng d
010 |a 2012374440 
020 |a 9781887829847 
020 |a 1887829849 
040 |c ARCE LIbrary 
041 0 |a eng  |a fre  |a ita 
043 |a mm----- 
050 4 |a DG11 .J62 no.84 
245 0 0 |a Maritime technology in the ancient economy :   |b ship-design and navigation /   |c edited by W.V. Harris and K. Iara ; with contributions by P. Arnaud ... [et al.]. 
264 1 |a Portsmouth, R.I. :   |b Journal of Roman Archaeology,   |c 2011. 
300 |a 264 pages :  |b illustrations, maps ;  |c 27 cm. 
490 0 |a Journal of Roman archaeology. Supplementary series,   |x 1063-4304 ;   |v 84. 
490 0 |a JRASS ;   |v 84. 
504 |a Includes bibliographical references (pages [235]-258) and index. 
546 |a English, French, and Italian. 
555 |a Sara.lib 
650 0 |a Shipbuilding  |z Mediterranean Region  |x History  |y To 1500. 
650 0 |a Navigation  |z Mediterranean Region  |x History  |y To 1500. 
650 0 |a Shipping  |x Economic aspects  |z Mediterranean Region  |x History  |y To 1500. 
651 0 |a Mediterranean Region  |x Commerce  |x History. 
700 1 |a Harris, William V.,   |q (William Vernon) 
700 1 |a Iara, K.  |9 32510 
700 1 |a Arnaud, Pascal,  |d 1958- 
901 |a reviewed 
942 |c BK  |2 lcc 
999 |c 20817  |d 20817